Trainer - UEFA Europa League Sieger - Statistiken

Allgemein
  • Dieses Quiz wurde 57 mal gespielt
    13 seit der letzten Aktualisierung
  • Das Durchschnittsergebnis liegt bei 9 aus 16
Antwortstatistiken
Saison Team Trainer % Korrekt
2011/12 Atlético Madrid Diego Simeone
100%
2017/18 Atlético Madrid Diego Simeone
100%
2021/22 Eintracht Frankfurt Oliver Glasner
90%
2016/17 Manchester United José Mourinho
80%
2013/14 FC Sevilla Unai Emery
80%
2014/15 FC Sevilla Unai Emery
80%
2015/16 FC Sevilla Unai Emery
80%
2020/21 FC Villarreal Unai Emery
80%
2010/11 FC Porto André Villas-Boas
50%
2023/24 Atalanta Bergamo Gian Piero Gasperini
40%
2019/20 FC Sevilla Julen Lopetegui
40%
2018/19 FC Chelsea Maurizio Sarri
40%
2024/25 Tottenham Hotspurs Ange Postecoglou
30%
2012/13 FC Chelsea Rafael Benítez
20%
2022/23 FC Sevilla José Luis Mendilibar
10%
2009/10 Atlético Madrid Quique Sánchez Flores
0%
Keine übereinstimmenden Quizze gefunden
Verteilung der Resultate
Anzahl Personen mit jedem Resultat
Perzentil nach korrekt beantworteten Fragen
Ihre Resultats-Entwicklung
Sie haben dieses Quiz seit der letzten Aktualisierung nicht gespielt